Moonlight Cove #6 / Sherryl Woods.
Available copies
- 2 of 2 copies available at LARL/NWRL Consortium.
Current holds
0 current holds with 2 total copies.
Show All Copies
| Location | Call Number / Copy Notes | Barcode | Shelving Location | Status | Due Date |
|---|---|---|---|---|---|
| Greenbush Public Library | pb WOO (Text) | 35500004877591 | Main | Available | - |
| Red Lake Falls Public Library | pb WOO (Text) | 35500006645673 | Main | Available | - |
Record details
- ISBN: 9780778329794
- ISBN: 0778329798
- Physical Description: 378 p. ; 17 cm.
- Publisher: Don Mills, Ont. : Mira, c2011.
Content descriptions
| Summary, etc.: | "Jess O'Brien has overcome a lot--the challenges ... Read More |
Search for related items by subject
| Genre: | Love stories. |
Search for related items by series
| LDR | 02168cam a2200421Ia 4500 | ||
|---|---|---|---|
| 001 | 130581 | ||
| 003 | LARL_NWRL_CONSORTIUM | ||
| 005 | 20110505133839.0 | ||
| 008 | 101103s2011 onc 000 1 eng d | ||
| 020 | . | ‡a9780778329794 | |
| 020 | . | ‡a0778329798 | |
| 035 | . | ‡a(OCoLC)679924483 | |
| 040 | . | ‡aBTCTA ‡beng ‡cBTCTA ‡dZGX ‡dFIR | |
| 050 | 1 | 4. | ‡aPS3573.O6418 ‡bM66 2011b |
| 092 | . | ‡a[Fic] ‡bWoods | |
| 100 | 1 | . | ‡aWoods, Sherryl. ‡0(LARL_NWRL_CONSORTIUM)82778 |
| 245 | 1 | 0. | ‡aMoonlight Cove ‡n#6 / ‡cSherryl Woods. |
| 260 | . | ‡aDon Mills, Ont. : ‡bMira, ‡cc2011. | |
| 300 | . | ‡a378 p. ; ‡c17 cm. | |
| 490 | 0 | . | ‡aChesapeake Shores; ‡v6 |
| 520 | . | ‡a"Jess O'Brien has overcome a lot--the challenges of attention deficit disorder, the near bankruptcy of her beloved Inn at Eagle Point and her self-perception as a screwup in a family of overachievers. Now she's ready to share the future with a man. Her friends persuade her to join a dating service--but she gets no takers! Which is fine with her childhood friend, psychologist Will Lincoln, who's already chosen the perfect man for Jess: himself..."--P. [4] of cover. | |
| 650 | 0. | ‡aHotelkeepers ‡vFiction. ‡0(LARL_NWRL_CONSORTIUM)165689 | |
| 650 | 0. | ‡aPsychologists ‡vFiction. ‡0(LARL_NWRL_CONSORTIUM)166793 | |
| 651 | 0. | ‡aChesapeake Bay Region (Md. and Va.) ‡vFiction. | |
| 650 | 0. | ‡aMan-woman relationships ‡vFiction. ‡0(LARL_NWRL_CONSORTIUM)165985 | |
| 655 | 7. | ‡aLove stories. ‡2gsafd | |
| 650 | 7. | ‡aPsychologists ‡vFiction. ‡2sears ‡0(LARL_NWRL_CONSORTIUM)166793 | |
| 650 | 7. | ‡aBed and breakfast accommodations ‡vFiction. ‡2sears ‡0(LARL_NWRL_CONSORTIUM)163677 | |
| 651 | 7. | ‡aChesapeake Bay Region (Md. and Va.) ‡vFiction. ‡2sears | |
| 948 | . | ‡hNO HOLDINGS IN LAL - 204 OTHER HOLDINGS | |
| 994 | . | ‡aZ0 ‡bLAL | |
| 901 | . | ‡a130581 ‡bOCLC ‡c130581 ‡tbiblio | |

Add to basket
Permalink
Disable Highlighting